| 000 | 01061cam a2200289 i 4500 | ||
|---|---|---|---|
| 999 |
_c22188 _d22188 |
||
| 001 | 2214595 | ||
| 003 | BDDh-ASL | ||
| 005 | 20231015030110.0 | ||
| 008 | 760723s1974 ii af b 001 0 eng | ||
| 010 | _a 74903761 | ||
| 020 | _cRs30.00 | ||
| 040 |
_aDLC _cDLC _dDLC _dBDDh-ASL |
||
| 043 | _aa-ii--- | ||
| 050 | 0 | 0 |
_aDS485.A27 _bS56 |
| 082 | 0 | 0 |
_a954.2 _bSIS |
| 100 | 1 |
_aSinha, Surendra Nath, _d1936- |
|
| 245 | 1 | 0 |
_aSubah of Allahabad under the great Mughals, 1580-1707 / _cSurendra Nath Sinha. |
| 260 |
_aNew Delhi : _bJamia Millia Islamia, _c1974. |
||
| 300 |
_av, 238 p., [6] leaves of plates : _bill. ; _c22 cm. |
||
| 500 | _a"Based on a thesis entitled "History of the Subah of Allahabad under the Mughals from 1526 to 1707," approved for the degree of doctor of philosophy by the Allahabad University in 1963." | ||
| 500 | _aIncludes index. | ||
| 504 | _aBibliography: p. [220]-228. | ||
| 651 | 0 |
_aAllahabad, India (District) _xHistory. |
|
| 651 | 0 | _aMogul Empire. | |
| 906 |
_a7 _bcbc _corignew _du _encip _f19 _gy-gencatlg |
||
| 942 |
_2ddc _cBK |
||